000 00424nam a2200169Ia 4500
008 090711s9999 xx 000 0 und d
082 _b48973
100 _aसावंत वसंत
245 _aउगवाई
260 _c1984
300 _a96
600 _aसावंत वसंत
630 _aउगवाई
700 _aसावंत वसंत
730 _aउगवाई
942 _cBOOK
999 _c288946
_d288946